000 00954cab a2200325 4500
001 ABS47600
008 090401t1992 xxu||||| |||| 00| 0 eng d
035 _a(Sirsi) u62591
041 _aeng
245 _aCentrefolio: M5 junctions 1-12
260 _c1992
350 _a0
490 _aCSW - The Property Week
_v41(10) 3 December 1992, 27-42(12)
650 _aBLACK COUNTRY
650 _aCHELTENHAM
650 _aDUDLEY
650 _aGLOUCESTER
650 _aGLOUCESTERSHIRE
650 _aHEREFORD AND WORCESTER
650 _aINDUSTRIAL MARKET
650 _aOCCUPIER PROFILES
650 _aPROPERTY-COMMERCIAL PROPERTY-OFFICE PROPERTY-OFFICE PROPERTY MARKET
650 _aPROPERTY-COMMERCIAL PROPERTY-RETAIL PROPERTY-RETAIL PROPERTY MARKET
650 _aROAD TEST
650 _aWOLVERHAMPTON
650 _aWORCESTER
690 _aPROPERTY-COMMERCIAL PROPERTY-COMMERCIAL PROPERTY MARKET
942 _n0
948 _c04/03/1997
999 _c38869
_d38869